| 000 | 00443nam a2200169Ia 4500 | ||
|---|---|---|---|
| 005 | 20250508160753.0 | ||
| 008 | 008 250505s9999 xx 000 0 eng d | ||
| 037 | _aReference | ||
| 040 |
_aFEDL _beng _cFEDL |
||
| 041 |
_aeng _2eng |
||
| 084 |
_a370.15, MOU _qFEDL |
||
| 100 |
_aMovly G J _9769329 |
||
| 245 | 0 | _aPsychology for effective teaching | |
| 300 | _a560p | ||
| 942 |
_cREF _h370.15, MOU |
||
| 999 |
_c1366522 _d1366522 |
||